| Registos Bibliográficos associados ao registo de autoridade |
|
Etiqueta de registo: 00254nam 2200025 450 001 2289568 003 http://id.bnportugal.gov.pt/bib/catbnp/2289568 100 ## $a20260703d2026 m y0pory01030103ba 101 0# $apor$deng 102 ## $aPT 105 ## $aa m 000yy 106 ## $ar 200 1# $a A legendagem interlinguística na receção de filmes de divulgação científica$fCláudia Maria Pinto Ferreira$gorient. Maria Teresa Murcho Alegre, Cláudia Susana Nunes Martins 210 #9 $aAveiro$c[s.n.],$d2026 215 ## $a[7] f.,VIII, 239 p.$cil.$d30 cm 328 #1 $aTese doutoramento Tradução e Terminologia, Universidade de Aveiro, 2026 700 #1 $aFerreira,$bCláudia Maria Pinto $32002630 702 #1 $aAlegre,$bTeresa,$f1961-$4727$3331 702 #1 $aMartins,$bClaúdia Susana Nunes$4727$31301549 801 #0 $aPT$bBN$gRPC 966 ## $lBN$mFGMON$x1 966 ## $lBN$mFGMON$x1 971 ## $cjbeatriz$d20260703
|
|
|